Statistics for 347aidan - MEMORIES!

Click here to take the quiz!

General Stats

  • This quiz has been taken 7 times
  • The average score is 274 of 363

Answer Stats

Answer% Correct
a
100%
break
100%
can
100%
die
100%
enemy
100%
How
100%
I
100%
I'm
100%
jealousy
100%
just
100%
look
100%
lookin
100%
me
100%
memories
100%
miss
100%
my
100%
real
100%
really
100%
scared
100%
so
100%
So
100%
through
100%
you
100%
your
100%
about
67%
Afraid
67%
am
67%
Another
67%
apart
67%
better
67%
Breakin
67%
destiny
67%
don't
67%
Fallin
67%
feel
67%
for
67%
give
67%
heart
67%
into
67%
It's
67%
it's
67%
know
67%
leave
67%
mind
67%
not
67%
of
67%
own
67%
pointless
67%
shit
67%
someone
67%
song
67%
that
67%
that's
67%
to
67%
up
67%
wanna
67%
when
67%
who
67%
woke
67%
young
67%
You're
67%
And
33%
as
33%
but
33%
Damn
33%
doesn't
33%
ended
33%
gotta
33%
Hah
33%
heal
33%
high
33%
hold
33%
if
33%
is
33%
legacy
33%
losin
33%
love
33%
mentally
33%
myself
33%
open
33%
rather
33%
scream
33%
searchin
33%
sobriety
33%
than
33%
trippin
33%
us
33%
will
33%
wish
33%
yeah
33%
Yeah
33%
guess
0%
I'd
0%
remedy
0%
save
0%
this
0%
use
0%
weren't
0%
why'd
0%
without
0%
would
0%

Score Distribution

Percentile by Number Answered

Percent of People with Each Score

Your Score History

You have not taken this quiz